MARC

LEADER 00000nam0a2200000 4500
001 370880
005 20231102012326.0
035 |a (RuTPU)RU\TPU\retro\28289 
035 |a RU\TPU\retro\28263 
090 |a 370880 
100 |a 20220812d1958 k y0rusy50 ca 
101 0 |a rus 
102 |a RU 
105 |a a z 001zy 
200 1 |a Исследования по экспериментальной и технической петрографии и минералогии. 2  |f Академия наук СССР (АН СССР), Институт геологии рудных месторождений, петрографии, минералогии и геохимии (ИГЕМ) ; отв. ред. А. И. Цветков 
210 |a Москва  |c Изд-во Академии наук СССР  |d 1958 
215 |a 135 с.  |c ил. 
225 1 |a Труды института геологии рудных месторождений, петрографии, минералогии и геохимии  |v Вып. 30 
320 |a Библиография в конце статей 
606 1 |a Петрография техническая  |2 stltpush  |3 (RuTPU)RU\TPU\subj\48707  |9 67553 
606 1 |a Петрография экспериментальная  |2 stltpush  |3 (RuTPU)RU\TPU\subj\48708  |9 67554 
610 1 |a исследования 
610 1 |a сульфиды железа 
610 1 |a сульфиды меди 
610 1 |a вторичные фосфаты 
610 1 |a синтез 
610 1 |a базальтовые расплавы 
610 1 |a пироксены 
610 1 |a кристаллизация 
610 1 |a стекло 
610 1 |a магнезиты 
610 1 |a огнеупоры 
675 |a 552  |v 3 
702 1 |a Цветков  |b А. И.  |4 340 
712 0 2 |a Академия наук СССР (АН СССР)  |b Институт геологии рудных месторождений, петрографии, минералогии и геохимии (ИГЕМ)  |c (Москва)  |2 stltpush  |3 (RuTPU)RU\TPU\col\11398 
801 1 |a RU  |b 63413507  |c 20150204 
801 2 |a RU  |b 63413507  |c 20220812  |g RCR 
942 |c BK